The gourmet pregnancy/ (Record no. 5561)

MARC details
000 -LEADER
fixed length control field 00667nam a22002177a 4500
003 - CONTROL NUMBER IDENTIFIER
control field OSt
005 - DATE AND TIME OF LATEST TRANSACTION
control field 20251106040931.0
008 - FIXED-LENGTH DATA ELEMENTS--GENERAL INFORMATION
fixed length control field 251106b |||||||| |||| 00| 0 eng d
020 ## - INTERNATIONAL STANDARD BOOK NUMBER
International Standard Book Number 978-0-470-73643-2
040 ## - CATALOGING SOURCE
Original cataloging agency DWC-Main Lib.
Transcribing agency OC
082 ## - DEWEY DECIMAL CLASSIFICATION NUMBER
Classification number Circ. 641.563 D735g 2010
100 ## - MAIN ENTRY--PERSONAL NAME
Personal name DOUGLAS, LEAH
245 ## - TITLE STATEMENT
Title The gourmet pregnancy/
Statement of responsibility, etc. LEAH DOUGLAS
260 ## - PUBLICATION, DISTRIBUTION, ETC.
Place of publication, distribution, etc. Canada :
Name of publisher, distributor, etc. John Wiley & Sons,
Date of publication, distribution, etc. c2010.
300 ## - PHYSICAL DESCRIPTION
Extent vii, 216 pages :
Other physical details color illustrations ;
Dimensions 22 cm.
504 ## - BIBLIOGRAPHY, ETC. NOTE
Bibliography, etc. note Index: pp. 208-216
650 ## - SUBJECT ADDED ENTRY--TOPICAL TERM
Topical term or geographic name entry element 1. Pregnancy--Nutritional aspects.
650 ## - SUBJECT ADDED ENTRY--TOPICAL TERM
Topical term or geographic name entry element 2. Cookery.
650 ## - SUBJECT ADDED ENTRY--TOPICAL TERM
Topical term or geographic name entry element 3. Mothers--Nutrition.
942 ## - ADDED ENTRY ELEMENTS (KOHA)
Source of classification or shelving scheme Dewey Decimal Classification
Koha item type Book Circulation
Classification part Circ.
Suppress in OPAC No
952 ## - LOCATION AND ITEM INFORMATION (KOHA)
--
Holdings
Withdrawn status Lost status Source of classification or shelving scheme Damaged status Not for loan Home library Current library Shelving location Date acquired Source of acquisition Total Checkouts Full call number Barcode Date last seen Copy number Price effective from Koha item type Uniform Resource Identifier
    Dewey Decimal Classification     HM & Nursing Library HM & Nursing Library Circulation 05/12/2014 School Fund   Circ. 641.563 D735g 2010 HMN50823 11/06/2025 c1 11/06/2025 BK-CIRC